| 000 | 00660nam a22001697a 4500 | ||
|---|---|---|---|
| 003 | BD-DhUL | ||
| 005 | 20210906142726.0 | ||
| 008 | 181226s1954 pk ||||| |||| 00| 0 urd d | ||
| 040 |
_aBD-DhUL _cBD-DhUL |
||
| 082 |
_a891.431 _bSHD |
||
| 100 | 1 |
_aشیفتہ، نواب محمد مصطفے خان _d |
|
| 245 | 1 | 0 |
_aدیوان شیفتہ، لیدنی نواب محمد مصطفی خان شیفتہ وحسہ تی کاراردو مجمو عہ کلدم / _cنواب محمد مصطفے خان شیفتہ _b |
| 260 |
_aلاهور : _bاکاڈمی پنجاب، _c۔۱۹۵۴ |
||
| 300 |
_aص۔ ۲۵۷ ؛ _c۲۲ سم۔ |
||
| 650 | 4 | _aUrdu poetry | |
| 942 |
_2ddc _cBK |
||
| 999 |
_c245458 _d245458 |
||